Object-oriented programming: from problem solving to Java (Record no. 136201)

MARC details
000 -LEADER
fixed length control field 00401nam a2200145Ia 4500
008 - FIXED-LENGTH DATA ELEMENTS--GENERAL INFORMATION
fixed length control field 230917s9999||||xx |||||||||||||| ||und||
040 ## - CATALOGING SOURCE
-- 112750
Original cataloging agency VIVEKANANDA LIBRARY
041 ## - Language
-- English
082 ## - DDC NUMBER
Classification number 005.133 G 193 O
100 ## - MAIN ENTRY--PERSONAL NAME
Personal name Garrido, Jose M.
245 #0 - TITLE STATEMENT
Title Object-oriented programming: from problem solving to Java
260 ## - PUBLICATION, DISTRIBUTION, ETC. (IMPRINT)
Place of publication, distribution, etc New Delhi
Name of publisher, distributor, etc FireWall Medid
Date of publication, distribution, etc 2004
300 ## - PHYSICAL DESCRIPTION
Pages XXII p. ; 360p.
942 ## - ADDED ENTRY ELEMENTS (KOHA)
Koha item type Books
Holdings
Withdrawn status Lost status Damaged status Not for loan Location (home branch) Sublocation or collection (holding branch) Shelving location Date acquired Koha issues (times borrowed) Koha full call number Accession No. Koha date last seen Koha item type
        VIVEKANANDA LIBRARY VIVEKANANDA LIBRARY UIET Library 09/01/2007   005.133 G 193 O 236959 17/09/2023 Books
        VIVEKANANDA LIBRARY VIVEKANANDA LIBRARY UIET Library 09/01/2007   005.133 G 193 O 236960 17/09/2023 Books
        VIVEKANANDA LIBRARY VIVEKANANDA LIBRARY UIET Library 09/01/2007   005.133 G 193 O 236961 17/09/2023 Books
        VIVEKANANDA LIBRARY VIVEKANANDA LIBRARY UIET Library 09/01/2007   005.133 G 193 O 236962 17/09/2023 Books
        VIVEKANANDA LIBRARY VIVEKANANDA LIBRARY UIET Library 09/01/2007   005.133 G 193 O 236963 17/09/2023 Books
        VIVEKANANDA LIBRARY VIVEKANANDA LIBRARY UIET Library 09/01/2007   005.133 G 193 O 236964 17/09/2023 Books
        VIVEKANANDA LIBRARY VIVEKANANDA LIBRARY UIET Library 09/01/2007   005.133 G 193 O 236965 17/09/2023 Books
        VIVEKANANDA LIBRARY VIVEKANANDA LIBRARY UIET Library 09/01/2007   005.133 G 193 O 236966 17/09/2023 Books
        VIVEKANANDA LIBRARY VIVEKANANDA LIBRARY UIET Library 09/01/2007   005.133 G 193 O 236967 17/09/2023 Books
© Designed and Maintained by Vivekananda Library, MDU Rohtak